[Event "SR 2. liga A 2006/2007"]
[Site "?"]
[Date "2006.10.15"]
[Round "?"]
[White "Adamcik, Tomas"]
[Black "Fedor, Miroslav"]
[Result "1/2-1/2"]
[WhiteElo "1964"]
[BlackElo "1801"]
[PlyCount "89"]
[EventDate "2006.??.??"]

{96MB, MITULIAK-C350F7} 1. f4 d5 2. Nf3 Nf6 3. e3 e6 4. b3 Nbd7 5. Bb2 Be7 6.
Be2 c5 7. O-O O-O 8. d3 b6 9. Ne5 Nxe5 10. fxe5 Nd7 11. Bg4 Qc7 12. d4 f5 13.
Bf3 Bb7 14. Na3 a6 15. c4 Rac8 16. Rc1 Qd8 17. cxd5 Bxd5 18. Bxd5 exd5 19. Qh5
g6 20. Qf3 Nb8 21. Nb1 Qd7 22. Nc3 Rfd8 23. Ne2 Bg5 24. Qg3 Bh6 25. Rcd1 c4 26.
bxc4 Rxc4 27. Nf4 Bxf4 28. exf4 Qe6 29. Rc1 Rdc8 30. Qb3 b5 31. Rc3 Nd7 32.
Rfc1 Nb6 33. Rxc4 Nxc4 34. Ba3 Rc6 35. Bc5 Nb6 36. Qa3 Nc4 37. Qb4 Qc8 38. a4
bxa4 39. Qxa4 Qb7 40. Qa2 Qb2 41. Qxb2 Nxb2 42. Rb1 Nd3 43. Rb8+ Kf7 44. Rb7+
Kg8 45. Rb8+ 1/2-1/2

[Event "SR 2. liga A 2006/2007"]
[Site "?"]
[Date "2006.11.16"]
[Round "?"]
[White "Adamcik, Tomas"]
[Black "Oprea, Erik"]
[Result "0-1"]
[WhiteElo "1964"]
[BlackElo "2138"]
[PlyCount "62"]
[EventDate "2006.??.??"]

1. b3 e5 2. Bb2 Nc6 3. e3 d5 4. Bb5 Bd6 5. d3 a6 6. Bxc6+ bxc6 7. Nd2 Ne7 8.
Qh5 Nf5 9. g3 O-O 10. Ne2 Re8 11. O-O-O Qe7 12. h4 Ba3 13. e4 Bxb2+ 14. Kxb2
Nd6 15. Qg5 f6 16. Qe3 d4 17. Qf3 Be6 18. g4 Nb5 19. Nb1 Reb8 20. Ng3 a5 21. a4
Nc3 22. Nxc3 dxc3+ 23. Kxc3 Qb4+ 24. Kb2 Bxb3 25. Rb1 Bxa4+ 26. Ka2 Qc3 27. Qe2
Bxc2 28. Rhc1 Rxb1 29. Rxb1 Bxb1+ 30. Kxb1 Rb8+ 31. Ka2 Qb3+ 0-1

[Event "SR 2. liga A 2006/2007"]
[Site "?"]
[Date "2007.01.13"]
[Round "?"]
[White "Bednar, Miroslav"]
[Black "Magyar, Frantisek"]
[Result "1/2-1/2"]
[WhiteElo "2102"]
[BlackElo "2104"]
[PlyCount "49"]
[EventDate "2006.??.??"]

{96MB, Fritz8.ctg, MITULIAK-C350F7} 1. e4 c5 2. Nc3 Nc6 3. g3 g6 4. Bg2 Bg7 5.
d3 e6 6. Be3 d6 7. Qc1 Bd7 8. Nf3 a6 9. O-O Nd4 10. Re1 Bc6 11. Nh4 Ne7 12. Ne2
e5 13. c3 Nxe2+ 14. Rxe2 O-O 15. Qd2 f5 16. Rd1 Qc7 17. f3 Rad8 18. Bh3 b6 19.
Bg5 Rde8 20. Rf2 Bd7 21. Ng2 Rf7 22. f4 Nc6 23. Ne3 Ref8 24. Nd5 Qb8 25. fxe5
1/2-1/2

[Event "SR 2. liga A 2006/2007"]
[Site "?"]
[Date "2006.10.15"]
[Round "?"]
[White "Diviak, Rastislav"]
[Black "Prielozny, Marek"]
[Result "1/2-1/2"]
[WhiteElo "1958"]
[BlackElo "1963"]
[PlyCount "32"]
[EventDate "2006.??.??"]

{96MB, MITULIAK-C350F7} 1. e4 e6 2. d4 d5 3. Nd2 c5 4. exd5 Qxd5 5. Ngf3 cxd4
6. Bc4 Qd6 7. O-O Nf6 8. Nb3 Nc6 9. Nbxd4 Nxd4 10. Nxd4 a6 11. Re1 Qc7 12. Bb3
Bd6 13. Nf3 O-O 14. Bg5 b5 15. Qd4 Be7 16. Bf4 Qc5 1/2-1/2

[Event "SR 2. liga A 2006/2007"]
[Site "?"]
[Date "2006.12.16"]
[Round "?"]
[White "Eged, Igor"]
[Black "Hacik, Radomir"]
[Result "0-1"]
[WhiteElo "2099"]
[BlackElo "2185"]
[PlyCount "59"]
[EventDate "2006.??.??"]

1. Nf3 Nf6 2. c4 c5 3. Nc3 g6 4. d4 Bg7 5. e3 O-O 6. Be2 cxd4 7. Nxd4 Nc6 8.
Nc2 Qa5 9. O-O Rd8 10. e4 e6 11. Bd2 Qb6 12. Qc1 d5 13. exd5 exd5 14. cxd5 Nxd5
15. Na4 Qc7 16. Na3 Nd4 17. Bd1 Qd6 18. Nc3 Bf5 19. Nc4 Qd7 20. Nxd5 Qxd5 21.
Ne3 Qd6 22. Nxf5 Nxf5 23. Bc3 Rac8 24. Bg4 Nd4 25. Qd1 Rc4 26. Qd3 Qf4 27. Kh1
Nc6 28. Bd7 Bxc3 29. bxc3 Ne5 30. g3 0-1

[Event "SR 2. liga A 2006/2007"]
[Site "?"]
[Date "????.??.??"]
[Round "?"]
[White "Fabry, Robert"]
[Black "Stetina, Erik"]
[Result "1-0"]
[WhiteElo "2205"]
[BlackElo "2100"]
[PlyCount "55"]
[EventDate "2006.??.??"]

1. b3 Nf6 2. Bb2 e6 3. e3 Be7 4. Nf3 O-O 5. Be2 c5 6. O-O Nc6 7. c4 d6 8. d4
Qc7 9. Nc3 a6 10. Rc1 Rd8 11. Qc2 b6 12. a3 Bb7 13. d5 Nb8 14. dxe6 fxe6 15.
Ng5 Bc8 16. Bg4 Re8 17. Bxe6+ Bxe6 18. Nxe6 Qc8 19. Nf4 Nbd7 20. Ncd5 Qc6 21.
Qf5 Bd8 22. Rcd1 Ra7 23. Ne6 Be7 24. Ng5 Nf8 25. Bxf6 Bxf6 26. Nxf6+ gxf6 27.
Qxf6 Rg7 28. Rxd6 1-0

[Event "SR 2. liga A 2006/2007"]
[Site "?"]
[Date "2007.01.13"]
[Round "?"]
[White "Hacik, Radomir"]
[Black "Farkas, Vladimir"]
[Result "1/2-1/2"]
[WhiteElo "2185"]
[BlackElo "2085"]
[PlyCount "126"]
[EventDate "2006.??.??"]

1. e4 d6 2. d4 g6 3. f4 Bg7 4. Nf3 c5 5. Nc3 cxd4 6. Nxd4 Nc6 7. Be3 Nf6 8. Be2
O-O 9. Nb3 Be6 10. O-O Qc8 11. Kh1 Bg4 12. Bg1 Bxe2 13. Qxe2 Qg4 14. Rae1 Rac8
15. Qd2 Nh5 16. Nd5 Bh6 17. Nd4 Qd7 18. c3 e6 19. Nxc6 bxc6 20. g4 cxd5 21.
gxh5 dxe4 22. Rxe4 Qb5 23. Qe2 Qxe2 24. Rxe2 Rc4 25. Bd4 a6 26. hxg6 hxg6 27.
b3 Rc6 28. h4 Bg7 29. h5 Bxd4 30. cxd4 Kg7 31. hxg6 Rh8+ 32. Kg1 Kxg6 33. Rd2
d5 34. Re2 Kf6 35. Re5 Rc2 36. Rf2 Rc1+ 37. Kg2 Rg8+ 38. Rg5 Rxg5+ 39. fxg5+
Kg7 40. Rb2 Rd1 41. b4 Rxd4 42. a4 Kg6 43. b5 axb5 44. axb5 Ra4 45. b6 Ra8 46.
Kf3 Kxg5 47. Ke3 f5 48. Kd4 Kf6 49. Kc5 f4 50. Kd4 Rd8 51. b7 Rb8 52. Rb1 Kf5
53. Rb2 f3 54. Ke3 Kg4 55. Rb1 e5 56. Rb6 e4 57. Rg6+ Kf5 58. Rg7 Kf6 59. Rc7
d4+ 60. Kxe4 f2 61. Rc1 Rxb7 62. Kxd4 Rb2 63. Ke3 Kf5 1/2-1/2

[Event "SR 2. liga A 2006/2007"]
[Site "?"]
[Date "????.??.??"]
[Round "?"]
[White "Hagara, Vladimir"]
[Black "Milanov, Jasen"]
[Result "1-0"]
[WhiteElo "1975"]
[BlackElo "2015"]
[PlyCount "110"]
[EventDate "2006.??.??"]

1. c4 e6 2. Nc3 d5 3. d4 Nf6 4. Bg5 Be7 5. e3 O-O 6. Nf3 b6 7. cxd5 exd5 8. Be2
Bb7 9. O-O Nbd7 10. a3 Ne4 11. Bxe7 Qxe7 12. Rc1 a6 13. Bd3 Rac8 14. Qe2 b5 15.
Rfd1 Nb6 16. Qc2 c5 17. dxc5 Rxc5 18. Bxe4 dxe4 19. Nd2 Rfc8 20. Qb1 g6 21. Ne2
Na4 22. Nb3 Rc4 23. Rxc4 bxc4 24. Nbd4 Nc5 25. b4 Nd3 26. Nc3 Qf6 27. Qc2 h5
28. Rb1 h4 29. h3 Qg5 30. Qe2 Ne5 31. Kh1 Rd8 32. a4 Rd6 33. b5 a5 34. Rf1 f5
35. Rd1 Nd3 36. Rg1 f4 37. Nd1 Qf6 38. Qc2 Qf7 39. Qd2 $11 Qc7 40. Nc3 Rf6 41.
Nd1 fxe3 42. fxe3 Qg3 43. Qxa5 Bc8 44. Qd8+ Rf8 45. Qd5+ Kh7 46. Ne6 Rf5 47.
Qxc4 Bxe6 48. Qxe6 Ne1 49. Qd7+ Kh6 50. Qd2 Nd3 51. Qe2 Ne5 52. b6 Rg5 53. Qf2
Nf3 54. Qxg3 hxg3 55. b7 Nxg1 {cierny cas} 1-0

[Event "SR 2. liga A 2006/2007"]
[Site "?"]
[Date "????.??.??"]
[Round "?"]
[White "Halas, Miroslav"]
[Black "Kolman, Richard"]
[Result "0-1"]
[WhiteElo "1995"]
[BlackElo "2110"]
[PlyCount "88"]
[EventDate "2006.??.??"]

1. e4 d6 2. Bc4 Nf6 3. Nc3 c6 4. d4 b5 5. Bd3 e5 6. d5 b4 7. Na4 Qa5 8. c4 bxc3
9. bxc3 cxd5 10. Bd2 Nxe4 11. Bxe4 dxe4 12. c4 Qa6 13. Ne2 Bg4 14. O-O Bxe2 15.
Qxe2 Qxa4 16. Qxe4 Qc6 17. Qe2 Be7 18. Qg4 Bf6 19. Rae1 Nd7 20. Bb4 Nc5 21. Re3
O-O 22. Rf3 Qe4 23. Qh3 Qxc4 24. Bd2 Qe6 25. Qh5 g6 26. Qh6 Bg7 27. Qh4 f5 28.
Rh3 h5 29. Rd1 f4 30. g4 Qxg4+ 31. Qxg4 hxg4 32. Rh4 Ne4 33. Bb4 Nf6 34. Rxd6
g5 35. Rxf6 Bxf6 36. Rxg4 Rfb8 37. Bc3 Kf7 38. Kg2 Rh8 39. Bb4 Rh5 40. Bc5 Rah8
41. Kf3 Ke6 42. Ke4 Rxh2 43. Rg1 Rh1 44. Rg2 Re1+ 0-1

[Event "SR 2. liga A 2006/2007"]
[Site "?"]
[Date "2006.10.15"]
[Round "?"]
[White "Hanzluvka, Peter"]
[Black "Kamenicky, Tomas"]
[Result "1-0"]
[WhiteElo "2042"]
[BlackElo "2021"]
[PlyCount "75"]
[EventDate "2006.??.??"]

{96MB, MITULIAK-C350F7} 1. e4 c5 2. Nf3 e6 3. d4 cxd4 4. Nxd4 a6 5. Bc4 Qc7 6.
Bb3 Nf6 7. f3 Nc6 8. Be3 Be7 9. O-O O-O 10. Kh1 b6 11. Nc3 Bb7 12. Qd2 Rac8 13.
Rad1 Na5 14. Qf2 Nc4 15. Na4 Nxe3 16. Qxe3 b5 17. Nc3 Bb4 18. e5 Bxc3 19. exf6
Bxd4 20. Qxd4 gxf6 21. Qxf6 Qd8 22. Qh6 Qe7 23. Rd4 f5 24. Rfd1 Bc6 25. c3 Rf6
26. Qh3 Rcf8 27. Qg3+ Rg6 28. Qe5 Qg5 29. Qe2 h5 30. Qf2 Kg7 31. a4 Qf6 32.
axb5 axb5 33. Rd6 Qe5 34. Qd4 Qxd4 35. R1xd4 Kh6 36. h3 Rfg8 37. Rd2 Ra8 38.
Kh2 1-0

[Event "SR 2. liga A 2006/2007"]
[Site "?"]
[Date "????.??.??"]
[Round "?"]
[White "Hebelka, Milos"]
[Black "Krist, Milan"]
[Result "1-0"]
[WhiteElo "2115"]
[BlackElo "2035"]
[PlyCount "109"]
[EventDate "2006.??.??"]

1. e4 e6 2. d4 d5 3. e5 c5 4. c3 Nc6 5. Bb5 Qb6 6. a4 a6 7. Bxc6+ Qxc6 8. Ne2
cxd4 9. cxd4 Bb4+ 10. Nbc3 Ne7 11. O-O O-O 12. Na2 a5 13. Bg5 Ng6 14. Nxb4 axb4
15. Bd2 Bd7 16. Bxb4 Rfc8 17. a5 Qc4 18. Bc3 Bb5 19. Re1 Qc6 20. Qd2 Qc4 21.
Nf4 Nxf4 22. Qxf4 b6 23. axb6 Rxa1 24. Rxa1 h6 25. h4 Rb8 26. g4 Qd3 27. Ra7
Be8 28. Re7 Qe4 29. Qxe4 dxe4 30. Bb4 Bc6 31. Bc5 Rb7 32. Rc7 Bd5 33. Rc8+ Kh7
34. Kh2 f6 35. Kg3 fxe5 36. dxe5 Rf7 37. Be3 Rd7 38. Kg2 Kg6 39. h5+ Kh7 40.
Kf1 Rb7 41. Ke1 Rd7 42. b4 Bb3 43. Rc7 Rd1+ 44. Ke2 Rd8 45. g5 Bd1+ 46. Ke1
Bxh5 47. Rc1 hxg5 48. b7 Rb8 49. Rc7 Bf3 50. Kd2 Kg6 51. Kc3 g4 52. Kd4 Rd8+
53. Kc5 Rd5+ 54. Kb6 Be2 55. Rc5 1-0

[Event "SR 2. liga A 2006/2007"]
[Site "?"]
[Date "2006.10.14"]
[Round "?"]
[White "Hertel, Ondrej"]
[Black "Prielozny, Marek"]
[Result "1-0"]
[WhiteElo "1963"]
[BlackElo "1990"]
[PlyCount "79"]
[EventDate "2006.??.??"]

{96MB, MITULIAK-C350F7} 1. d4 Nf6 2. c4 c5 3. d5 b5 4. cxb5 a6 5. bxa6 g6 6.
Nc3 Bxa6 7. Nf3 Bg7 8. e4 Bxf1 9. Kxf1 d6 10. g3 O-O 11. Kg2 Nbd7 12. Re1 Qb6
13. Re2 Qb7 14. Bf4 Ng4 15. h3 Nge5 16. Nxe5 Nxe5 17. Bxe5 Bxe5 18. f4 Bd4 19.
Qd3 Ra6 20. Nb5 Bg7 21. a4 Rb6 22. Rf1 f5 23. b3 Ra6 24. Kh2 Raa8 25. e5 dxe5
26. fxe5 Rad8 27. d6 Kh8 28. Qc4 exd6 29. exd6 Rfe8 30. Rfe1 Qc6 31. Re7 Bf6
32. Rxe8+ Rxe8 33. Re6 Kg7 34. Nc7 Rd8 35. Rxf6 Kxf6 36. Qe6+ Kg7 37. Qe7+ Kh6
38. Qxd8 Qf3 39. Qh4+ Kg7 40. Ne6+ 1-0

[Event "SR 2. liga A 2006/2007"]
[Site "?"]
[Date "2006.10.15"]
[Round "?"]
[White "Hricak, Vasil"]
[Black "Hecko, Dusan"]
[Result "0-1"]
[WhiteElo "2142"]
[BlackElo "2043"]
[PlyCount "56"]
[EventDate "2006.??.??"]

{96MB, MITULIAK-C350F7} 1. e4 c6 2. d4 d5 3. Nc3 dxe4 4. Nxe4 Bf5 5. Ng3 Bg6 6.
Nf3 Nd7 7. Bd3 Bxd3 8. Qxd3 Qc7 9. O-O Ngf6 10. Bd2 e6 11. Rfe1 Be7 12. Ne5 c5
13. Bc3 Rc8 14. dxc5 Nxe5 15. Rxe5 Bxc5 16. Qb5+ Nd7 17. Rg5 Bf8 18. Bxg7 Bxg7
19. Rxg7 Qxc2 20. Qxb7 Rb8 21. Qf3 Ne5 22. Qc3 Qxc3 23. bxc3 Ng6 24. Nh5 Rb5
25. g4 Ke7 26. Rc1 Rd8 27. Rc2 Rd3 28. Rxh7 Rb1+ 0-1

[Event "SR 2. liga A 2006/2007"]
[Site "?"]
[Date "2006.10.14"]
[Round "?"]
[White "Hricak, Vasil"]
[Black "Peska, Juraj"]
[Result "0-1"]
[WhiteElo "2043"]
[BlackElo "1955"]
[PlyCount "103"]
[EventDate "2006.??.??"]

{96MB, MITULIAK-C350F7} 1. e4 e5 2. Nf3 Nc6 3. d4 exd4 4. Bc4 Be7 5. Nxd4 d6 6.
Nc3 Bf6 7. Nxc6 bxc6 8. Qh5 Bxc3+ 9. bxc3 Qe7 10. O-O Nf6 11. Qh4 O-O 12. Bg5
Qe5 13. Bd3 h6 14. Bxf6 Qxf6 15. Qxf6 gxf6 16. c4 Be6 17. f4 Rab8 18. f5 Bd7
19. Rf4 Kh7 20. Kf2 Rb4 21. Re1 Ra4 22. Re3 Rxa2 23. Rh4 Rh8 24. Rg3 Rg8 25.
Rxh6+ Kxh6 26. Rxg8 c5 27. Ke3 Rb2 28. g4 a5 29. Ra8 a4 30. h4 Bc6 31. Ra5 Rb1
32. Ra6 Rb6 33. Ra5 Rb8 34. Kf4 Ra8 35. Rxa8 Bxa8 36. c3 Bc6 37. g5+ Kg7 38.
Bb1 a3 39. Ba2 Ba4 40. gxf6+ Kxf6 41. h5 Kg7 42. e5 Bc2 43. e6 fxe6 44. fxe6
Kf6 45. e7 Kxe7 46. Kg5 Kf7 47. Kh6 Kf6 48. Bb1 Bb3 49. Kh7 a2 50. Bxa2 Bxa2
51. h6 Bxc4 52. Kh8 0-1

[Event "SR 2. liga A 2006/2007"]
[Site "?"]
[Date "2006.10.14"]
[Round "?"]
[White "Kolar, Tomas"]
[Black "Gajarsky, Roman"]
[Result "1/2-1/2"]
[WhiteElo "2042"]
[BlackElo "2008"]
[PlyCount "29"]
[EventDate "2006.??.??"]

{96MB, MITULIAK-C350F7} 1. e4 e5 2. Nf3 Nf6 3. d4 Nxe4 4. Bd3 d5 5. Nxe5 Nc6 6.
Bb5 Bd7 7. Bxc6 bxc6 8. Nd2 Nxd2 9. Bxd2 Bd6 10. O-O O-O 11. Re1 f6 12. Nxd7
Qxd7 13. Qf3 Rae8 14. h3 Rxe1+ 15. Rxe1 1/2-1/2

[Event "SR 2. liga A 2006/2007"]
[Site "?"]
[Date "2006.10.14"]
[Round "?"]
[White "Kralovic, Andrej"]
[Black "Cvicela, Anton"]
[Result "1-0"]
[WhiteElo "2098"]
[BlackElo "2289"]
[PlyCount "97"]
[EventDate "2006.??.??"]

{96MB, MITULIAK-C350F7} 1. c4 Nf6 2. Nc3 c6 3. d4 d5 4. Nf3 e6 5. e3 Nbd7 6.
Bd3 dxc4 7. Bxc4 b5 8. Bd3 Bb7 9. O-O b4 10. Na4 c5 11. b3 cxd4 12. exd4 Be7
13. Qe2 O-O 14. Bd2 Rc8 15. Ba6 Qc7 16. Rac1 Qb8 17. Bxb7 Qxb7 18. Nb2 Nb6 19.
Ne5 Rfd8 20. Be3 Nbd5 21. Rxc8 Rxc8 22. Nbc4 Qa6 23. h3 Nc3 24. Qc2 Nfd5 25.
Ra1 Bd6 26. Nf3 h6 27. Nfd2 f5 28. Nf1 Be7 29. Kh1 Qb7 30. Bd2 Ne4 31. Be1 Bf6
32. f3 Ng5 33. Rd1 Rc6 34. Bg3 f4 35. Bh4 Nf7 36. Bxf6 Nxf6 37. Qd2 Nd5 38. Na5
Qb5 39. Nxc6 Qxc6 40. Rc1 Qd7 41. Qd3 Nd6 42. Nd2 Nf5 43. Ne4 Nde3 44. Qa6 Qe7
45. Qc8+ Kh7 46. Qc5 Qh4 47. Qxb4 Nxg2 48. Kxg2 Ne3+ 49. Kh2 1-0

[Event "SR 2. liga A 2006/2007"]
[Site "?"]
[Date "2006.10.15"]
[Round "?"]
[White "Kralovic, Andrej"]
[Black "Gasa, Andrej"]
[Result "1-0"]
[WhiteElo "2098"]
[BlackElo "2199"]
[PlyCount "81"]
[EventDate "2006.??.??"]

{96MB, MITULIAK-C350F7} 1. e4 c5 2. Nf3 d6 3. d4 cxd4 4. Nxd4 Nf6 5. Nc3 a6 6.
Be3 Ng4 7. Bg5 h6 8. Bh4 g5 9. Bg3 Bg7 10. h4 Nc6 11. Nb3 Rg8 12. hxg5 hxg5 13.
Qd2 Bxc3 14. Qxc3 Nf6 15. Bd3 Be6 16. O-O-O Rc8 17. Kb1 Ne5 18. Qb4 Nxd3 19.
cxd3 Bxb3 20. Qxb3 b5 21. Rc1 Kf8 22. Rxc8 Qxc8 23. Rc1 Qg4 24. Qc3 Kg7 25. e5
Nd5 26. Qc6 Qd4 27. exd6 Qxd3+ 28. Ka1 exd6 29. Qxd6 Re8 30. Be5+ Rxe5 31.
Qxe5+ f6 32. Qd6 Qe4 33. f3 Qe3 34. Rd1 Ne7 35. Qxa6 Qe2 36. Qd6 Nf5 37. Qd7+
Ne7 38. Qd2 Qe5 39. Re1 Qc7 40. Qe2 Nd5 41. Qxb5 1-0

[Event "SR 2. liga A 2006/2007"]
[Site "?"]
[Date "2006.10.14"]
[Round "?"]
[White "Malar, Pavol"]
[Black "Bednar, Miroslav"]
[Result "1-0"]
[WhiteElo "2078"]
[BlackElo "2102"]
[PlyCount "87"]
[EventDate "2006.??.??"]

{96MB, MITULIAK-C350F7} 1. e4 e5 2. Nf3 Nc6 3. Bb5 a6 4. Ba4 Nf6 5. O-O Be7 6.
Re1 b5 7. Bb3 O-O 8. a4 Bb7 9. c3 d6 10. d3 Na5 11. Bc2 c5 12. Nbd2 Qc7 13. Nf1
Nd7 14. Ne3 c4 15. Nf5 Nc5 16. d4 Ncb3 17. Ra3 Bf6 18. Bg5 Qd8 19. Be3 Re8 20.
d5 Bc8 21. Ng3 Bd7 22. axb5 axb5 23. h3 g6 24. Nh2 Bg5 25. Qe2 h5 26. Bxb3 Bxe3
27. Qxe3 Nxb3 28. Rxa8 Qxa8 29. Qh6 Qd8 30. Nf3 Qf6 31. Nxh5 Qh8 32. Qxh8+ Kxh8
33. Nf6 Rd8 34. g4 Kg7 35. Nxd7 Rxd7 36. h4 Ra7 37. Rb1 Ra2 38. Kf1 f5 39. gxf5
gxf5 40. Ke2 fxe4 41. Ng5 Nc5 42. Ke3 Nd3 43. Nxe4 Nxb2 44. Nxd6 1-0

[Event "SR 2. liga A 2006/2007"]
[Site "?"]
[Date "2006.10.15"]
[Round "?"]
[White "Meszaros, Michal"]
[Black "Eged, Igor"]
[Result "1/2-1/2"]
[WhiteElo "2407"]
[BlackElo "2099"]
[PlyCount "86"]
[EventDate "2006.??.??"]

{96MB, MITULIAK-C350F7} 1. e4 e6 2. Qe2 c5 3. g3 Nc6 4. Nf3 b6 5. Bg2 Bb7 6.
O-O d6 7. c3 Be7 8. d3 Nf6 9. Na3 O-O 10. h4 a6 11. Nc2 Nb8 12. Ng5 Ra7 13. Ne3
h6 14. Nh3 Kh8 15. f4 Nh7 16. f5 exf5 17. Nxf5 Bf6 18. Nf4 Bc8 19. Nd5 Be5 20.
Qf2 Bxf5 21. exf5 Nf6 22. a4 Nbd7 23. Nf4 Ng4 24. Qf3 Ndf6 25. Ne2 d5 26. d4
cxd4 27. cxd4 Bb8 28. Nc3 Re7 29. Bd2 Qd6 30. Rae1 Rxe1 31. Bxe1 Qb4 32. Qd3
Qxb2 33. Nd1 Qa2 34. Qxa6 Re8 35. Qxb6 Qxa4 36. Qb1 Qxd4+ 37. Kh1 Bd6 38. Bc3
Qc4 39. Qb7 d4 40. Be1 Ne3 41. Nxe3 dxe3 42. Qc6 Qxc6 43. Bxc6 Rc8 1/2-1/2

[Event "SR 2. liga A 2006/2007"]
[Site "?"]
[Date "????.??.??"]
[Round "?"]
[White "Mikulas, Dusan"]
[Black "Mosny, Jaroslav"]
[Result "1-0"]
[WhiteElo "2165"]
[BlackElo "2050"]
[PlyCount "39"]
[EventDate "2006.??.??"]

1. e4 e5 2. Nf3 d6 3. d4 exd4 4. Nxd4 g6 5. f4 Bg7 6. Nf3 Nf6 7. Nc3 O-O 8. Bd3
Re8 9. O-O Nc6 10. Qe1 Bf5 11. Qg3 Bxe4 12. Nxe4 Nxe4 13. Bxe4 Rxe4 14. Ng5 Re2
15. f5 Bd4+ 16. Kh1 Qf6 17. c3 Bb6 18. Nxh7 Kxh7 19. Bg5 Qh8 20. fxg6+ 1-0

[Event "SR 2. liga A 2006/2007"]
[Site "?"]
[Date "2007.01.13"]
[Round "?"]
[White "Pacher, Milan"]
[Black "Gazi, Mikulas"]
[Result "1/2-1/2"]
[WhiteElo "2234"]
[BlackElo "2173"]
[PlyCount "24"]
[EventDate "2006.??.??"]

1. e4 c5 2. Nf3 d6 3. d4 cxd4 4. Nxd4 Nf6 5. Nc3 g6 6. Be3 Bg7 7. f3 Nc6 8. Qd2
O-O 9. Bc4 Nd7 10. O-O-O Nde5 11. Bb3 Na5 12. Bh6 Nec4 1/2-1/2

[Event "SR 2. liga A 2006/2007"]
[Site "?"]
[Date "2006.10.18"]
[Round "?"]
[White "Polasek, Filip"]
[Black "Kolar, Tomas"]
[Result "0-1"]
[WhiteElo "2084"]
[BlackElo "2042"]
[PlyCount "66"]
[EventDate "2006.??.??"]

{96MB, MITULIAK-C350F7} 1. e4 c5 2. Nf3 d6 3. d4 cxd4 4. Nxd4 Nf6 5. Nc3 g6 6.
Be3 Bg7 7. f3 O-O 8. Qd2 Nc6 9. g4 Nxd4 10. Bxd4 Be6 11. h4 Qa5 12. Be2 Rfc8
13. Kf2 Bc4 14. Rag1 Bxe2 15. Kxe2 Rc4 16. Be3 Rac8 17. h5 Nd7 18. hxg6 fxg6
19. Qd5+ Qxd5 20. Nxd5 Rxc2+ 21. Kd1 Kf8 22. Rxh7 Nf6 23. Nxf6 Bxf6 24. Rgh1
R8c6 25. R1h2 Rxb2 26. Rxb2 Bxb2 27. Rh2 Bg7 28. Bxa7 Rc4 29. Rc2 Rb4 30. Ke2
Kf7 31. Kd3 Bh6 32. Bd4 Bf4 33. Rb2 Rxd4+ 0-1

[Event "SR 2. liga A 2006/2007"]
[Site "?"]
[Date "????.??.??"]
[Round "?"]
[White "Puchart, Vladimir"]
[Black "Biro, Karol"]
[Result "0-1"]
[WhiteElo "2075"]
[BlackElo "2190"]
[PlyCount "86"]
[EventDate "2006.??.??"]

1. d4 c5 2. d5 e5 3. e4 d6 4. f4 exf4 5. Bxf4 g5 6. Be3 Bg7 7. c3 h6 8. Nf3 Nf6
9. Bb5+ Nbd7 10. Nbd2 Qe7 11. O-O O-O 12. Bxd7 Nxd7 13. Qc2 b6 14. Bf2 b5 15.
Rae1 a5 16. e5 Nxe5 17. Nxe5 Bxe5 18. Nf3 f6 19. Qg6+ Qg7 20. Nxe5 fxe5 21.
Qxd6 Ra6 22. Qxc5 Raf6 23. Bg3 e4 24. Be5 Rxf1+ 25. Rxf1 Rxf1+ 26. Kxf1 Qxe5
27. Qxc8+ Kg7 28. Qd7+ Kf6 29. Qe6+ Qxe6 30. dxe6 Kxe6 31. Ke2 Ke5 32. Ke3 Kd5
33. b3 a4 34. bxa4 bxa4 35. g4 Kc4 36. Kd2 e3+ 37. Kxe3 Kxc3 38. h3 Kb2 39. Kd2
Kxa2 40. Kc3 Ka3 41. Kc2 Kb4 42. Kb2 Kc4 43. Ka3 Kd4 0-1

[Event "SR 2. liga A 2006/2007"]
[Site "?"]
[Date "2006.10.14"]
[Round "?"]
[White "Skreno, Vladimir"]
[Black "Eged, Igor"]
[Result "1/2-1/2"]
[WhiteElo "2156"]
[BlackElo "2099"]
[PlyCount "148"]
[EventDate "2006.??.??"]

{96MB, MITULIAK-C350F7} 1. d4 Nf6 2. Nf3 e6 3. c4 d5 4. Nc3 Be7 5. Bg5 O-O 6.
e3 Re8 7. Be2 dxc4 8. Bxc4 a6 9. a4 Nfd7 10. Bf4 Bd6 11. Ne5 Bxe5 12. dxe5 Nc6
13. Qh5 g6 14. Qh6 Ndxe5 15. Rd1 Qe7 16. Be2 f6 17. g4 Nf7 18. Qh3 Nb4 19. Qg2
c6 20. h4 e5 21. Bg3 Be6 22. Qh2 Bb3 23. Rc1 Rad8 24. g5 Nd3+ 25. Bxd3 Rxd3 26.
gxf6 Qxf6 27. O-O Qf3 28. Qg2 Qxg2+ 29. Kxg2 Kg7 30. a5 Rd2 31. Ra1 Red8 32.
Rfb1 Bc2 33. Rc1 Bb3 34. Rcb1 Bc2 35. Rc1 R8d7 36. Ra3 h6 37. Kf3 Bd1+ 38. Nxd1
Rxd1 39. Rxd1 Rxd1 40. Rb3 Rd7 41. Ke4 Kf6 42. f4 Nd6+ 43. Kf3 e4+ 44. Ke2 Kf5
45. Rc3 Nb5 46. Rc1 Rd5 47. Be1 Kg4 48. Bb4 Nd6 49. Rg1+ Kh5 50. Bxd6 Rxd6 51.
Rc1 Kxh4 52. Rh1+ Kg4 53. Rxh6 Kf5 54. Rh7 Rd5 55. Rxb7 Rxa5 56. Rf7+ Ke6 57.
Rg7 Kf6 58. Rc7 Rc5 59. Kd2 a5 60. Rc8 g5 61. fxg5+ Kxg5 62. Re8 Kf5 63. Rf8+
Ke5 64. Re8+ Kd5 65. Rd8+ Kc4 66. Kc2 Kb4+ 67. Kb1 Re5 68. Kc2 a4 69. Rb8+ Rb5
70. Re8 Rc5+ 71. Kb1 Rc4 72. Ka2 Kb5 73. Ka3 Kc5 74. Re5+ Kb6 1/2-1/2

[Event "SR 2. liga A 2006/2007"]
[Site "?"]
[Date "2006.10.14"]
[Round "?"]
[White "Slamena, Michal"]
[Black "Samko, Karol"]
[Result "0-1"]
[WhiteElo "2081"]
[BlackElo "1957"]
[PlyCount "104"]
[EventDate "2006.??.??"]

{96MB, MITULIAK-C350F7} 1. e4 c5 2. Nf3 Nc6 3. d4 cxd4 4. Nxd4 g6 5. Nc3 Bg7 6.
Be3 Nf6 7. f3 Qa5 8. Nb3 Qc7 9. Qd2 O-O 10. O-O-O d6 11. Bh6 Be6 12. h4 Ne5 13.
Be2 Rfc8 14. g4 Bc4 15. Bxg7 Kxg7 16. h5 Bxe2 17. Qxe2 a5 18. hxg6 hxg6 19. g5
Nh5 20. Rxh5 gxh5 21. Nd5 Qc4 22. Qxc4 Nxc4 23. Nxe7 Re8 24. Nf5+ Kg6 25. Nbd4
Kxg5 26. Ng7 Rh8 27. Ndf5 Kf4 28. Nh4 Rac8 29. c3 Rc5 30. Rd3 Rg5 31. Ngf5 Rg1+
32. Kc2 Ne5 33. Rd2 Ng6 34. Ng2+ Kxf3 35. Nd4+ Kxe4 36. Re2+ Kd5 37. Ne3+ Kc5
38. Nb3+ Kb5 39. Rd2 a4 40. Rd5+ Kc6 41. Nd4+ Kd7 42. Ndf5 h4 43. Nxd6 Ke6 44.
Ndc4 Rg2+ 45. Kc1 Rf2 46. Rd6+ Ke7 47. Rb6 h3 48. Rxb7+ Kf8 49. Ng4 Rf4 50.
Nce3 Kg7 51. Nh2 Re8 52. Nd5 Rf2 0-1

[Event "SR 2. liga A 2006/2007"]
[Site "?"]
[Date "2006.10.14"]
[Round "?"]
[White "Smolen, Jan"]
[Black "Klemanic, Emil"]
[Result "1-0"]
[WhiteElo "2349"]
[BlackElo "2293"]
[PlyCount "53"]
[EventDate "2006.??.??"]

{96MB, MITULIAK-C350F7} 1. e4 {0} d6 2. d4 Nf6 3. Nc3 e5 4. Nf3 Nbd7 5. Bc4 Be7
6. O-O c6 7. a4 Qc7 8. Ba2 h6 9. Qe2 g5 10. Qc4 Rh7 11. dxe5 Nxe5 12. Nxe5 dxe5
13. Nd5 Nxd5 14. exd5 c5 15. b4 Bd6 16. Re1 cxb4 17. Qe2 Kf8 18. Bb2 f6 19.
Rac1 Bf5 20. Qf3 Qd7 21. g4 Bxg4 22. Qxf6+ Rf7 23. Qxh6+ Rg7 24. Bxe5 Bxe5 25.
Rxe5 Bh3 26. Rxg5 Qf7 27. d6 1-0

[Event "SR 2. liga A 2006/2007"]
[Site "?"]
[Date "????.??.??"]
[Round "?"]
[White "Sturdik, Igor"]
[Black "Janos, Jozef"]
[Result "0-1"]
[WhiteElo "2055"]
[BlackElo "2225"]
[PlyCount "94"]
[EventDate "2006.??.??"]

1. e4 c5 2. Nf3 d6 3. d4 cxd4 4. Nxd4 Nf6 5. Nc3 a6 6. Bg5 e6 7. f4 Be7 8. Qf3
Qc7 9. O-O-O Nbd7 10. Bd3 b5 11. Rhe1 Bb7 12. Qg3 O-O-O 13. Bxb5 axb5 14. Ndxb5
Qc5 15. e5 d5 16. f5 Ne4 17. Bxe7 Nxg3 18. Bxc5 Nxf5 19. g4 Nxc5 20. gxf5 Rd7
21. b4 Na6 22. Na4 Kb8 23. Nb6 Re7 24. f6 gxf6 25. exf6 Rc7 26. Nxc7 Kxc7 27.
Na4 Nxb4 28. a3 Na6 29. Rg1 Bc6 30. Nb2 Nc5 31. Rg7 Rf8 32. Rxh7 Ne4 33. Rf1 e5
34. Nd3 Kd6 35. Rf5 Ba4 36. Rxe5 Rc8 37. Rxe4 dxe4 38. Nb4 Ke6 39. Rh6 Kf5 40.
Kd2 Kg5 41. Rh3 Kxf6 42. Rh6+ Ke5 43. Ra6 Bd7 44. Ra5+ Kf4 45. Nd5+ Kf3 46. Ra7
Be6 47. Ne7 e3+ 0-1